Où se déroulent ces séries ? II - Statistiques

Statistiques générales
  • Ce quiz a été pris 47 fois
  • Le résultat moyen est 4 sur 20
Statistiques - réponses
Hint Réponse % Correct
Lucifer Los Angeles
49%
Californie
44%
NCIS Washington DC
40%
Californie
33%
Mr Robot New York
28%
Buffy contre les vampires Sunny Dale
26%
New York
23%
Washington DC
23%
The Good Wife Chicago
19%
Louisiane
19%
Stranger things Hawkins
16%
Illinois
14%
True Blood Bon Temps
12%
Indiana
12%
Parks and Recreation Pawnee
12%
Illinois
9%
Indiana
9%
Community Greendale
5%
Colorado
2%
Prison Break Joliet
0%
Aucun quiz correspondant
Distribution des résultats
% des personnes avec chaque résultat
Percentile par nombre de réponses
Votre historique - résultats
Vous n’avez pas pris ce quiz